Music Quiz

Random Music or Album Quiz
Score 0/29 Timer 05:00
0 Plays Today
% Correct
Mr.
88.7%
Slippery
87.2%
Jagged
85.5%
Appetite
85%
Like
83.6%
No
79.6%
Are
78.6%
At
76.8%
Straight
76.3%
Brothers
76%
Let
72.9%
Blonde
71.4%
Master
71%
Licensed
70.6%
Tunnel
70.5%
% Correct
No
68.9%
Wide
67.3%
Let
62.3%
Frampton
60.8%
Breakfast
59.6%
Damn
55.9%
Can't
54.7%
Life
53.7%
White
52.2%
Stop
50.2%
Cracked
49.4%
By
45.6%
Ropin'
43.3%
Kind
41.9%
Remove Ads.
Support Sporcle.
Get the best of Sporcle when you Go Orange. This ad-free experience offers more features, more stats, and more fun while also helping to support Sporcle. Thank you for becoming a member.

You're not logged in!

Compare scores with friends on all Sporcle quizzes.
OR
Log In

Show Comments

Extras

Top Quizzes Today


Score Distribution

Your Account Isn't Verified!

In order to create a playlist on Sporcle, you need to verify the email address you used during registration. Go to your Sporcle Settings to finish the process.

Report this User

Report this user for behavior that violates our Community Guidelines.

Details: